Представление документа в формате RUSMARC

ПолеНазваниеЗначение
  Тип записи a
  Библиографический уровень m
001 Контрольный номер RU/REG73/CBS_GRAD/8fa94ab53fc04d0ca3316fb8a20f49e0
005 Дата корректировки 20230725092047.8
010 Индекс ISBN __
a ISBN 978-5-17-084007-6
100 Данные общей обработки __
a Данные общей обработки 20230725d 0rusy0189## ca
101 Язык документа 0_
a Язык текста rus
102 Страна публикации __
a Страна публикации RU
200 Заглавие и сведения об ответственности 1_
a Заглавие Золотой ключик, или Приключения Буратино
f Первые сведения об ответственности Алексей Николаевич Толстой ; художник Л. Владимирский
210 Выходные данные 1_
a Место издания Москва
c Издательство АСТ
d Дата издания 2022
215 Физическое описание __
a Объем 64 с.: ил.
225 Серия 2_
a Серия Библиотека начальной школы
686 Индексы других классификаций __
a Классификационный индекс 84 (2 Рос=Рус)6
700 Автор _1
a Фамилия Толстой
g Полное личное имя Алексей Николаевич
801 Источник записи _0
a Страна RU
b Организация RuCBSGrad
c Дата составления 20230725
g Правила каталогизации RCR
801 Источник записи _1
a Страна RU
b Организация RuCBSGrad
c Дата составления 20230725
g Правила каталогизации RCR
852 Данные о местонахождении __
i Авторский знак Т 52
901 Тип документа __
t Тип документа m